San Martín Rock Fest : trayectoria y experiencias /

Obra que recupera la historia del festival de música San Martín Rock Fest que se realizó por primera vez en el año 2012, en San Martín Hidalgo, un municipio ubicado en una zona semiurbana y rural en el centro-sur del Estado de Jalisco. Con base en la etnografía y con el apoyo del organizador princip...

Fuld beskrivelse

Guardado en:
Bibliografiske detaljer
Hovedforfatter: Plazola Meza, Eduardo (autor)
Andre forfattere: Guerrero, Eliseo (autor) (autor)
Format: Bog
Sprog:spansk
Udgivet: Guadalajara, México : Edhalca, 2021, c2021
Serier:(Contemporáneos Edhalca ; 33)
Fag:
Tags: Tilføj Tag
Ingen Tags, Vær først til at tagge denne postø!

MARC

LEADER 00000nam^a2200000^a^4500
001 000444821
005 20250521000000.0
009 20260310123525.758
020 |a 978-607-99269-0-8 
037 |a Acervo ITESO - Biblioteca 
041 |a ESP 
082 |a 787. 1097235  |b PLA 
100 |a Plazola Meza, Eduardo  |e (autor) 
245 1 0 |a San Martín Rock Fest :  |b trayectoria y experiencias /  |c E. Plazola Meza ; E. Guerrero. 
264 4 |a Guadalajara, México :  |b Edhalca,  |c 2021, c2021 
300 |a 120 p. 
336 |a texto  |b txt  |2 rdacontenido 
337 |a sin mediación  |b n  |2 rdamedio 
338 |a volumen  |b nc  |2 rdasoporte 
440 1 |a (Contemporáneos Edhalca ;  |v 33) 
520 |a Obra que recupera la historia del festival de música San Martín Rock Fest que se realizó por primera vez en el año 2012, en San Martín Hidalgo, un municipio ubicado en una zona semiurbana y rural en el centro-sur del Estado de Jalisco. Con base en la etnografía y con el apoyo del organizador principal, se rescata la historia de las doce ediciones; y, también, mediante entrevistas, se sistematizan las experiencias sociales, culturales y estéticas de doce músicos que han participado en el evento y de diez integrantes del público que han acudido al festival. 
649 |a XX 
650 |a Rock -  |z San Martín Hidalgo, Jalisco -  |x Aspectos Sociales y Culturales 
650 |a Rock -  |z México -  |x Aspectos Sociales y Culturales -  |x Tema Principal 
650 |a Festivales Musicales -  |z San Martín Hidalgo, Jalisco -  |x Historia y Crítica -  |x Tema Principal 
650 |a Festivales Musicales -  |z México -  |x Historia y Crítica 
650 |a Música y Sociedad -  |z San Martín Hidalgo, Jalisco -  |x Historia y Crítica 
650 |a Música y Sociedad -  |z México -  |x Historia y Crítica 
650 |a Cultura -  |x Difusión 
650 |a Antropología Cultural 
700 |a Guerrero, Eliseo  |e (autor) 
910 |a Fondo General 
920 |a Impresos - Libros 
930 |a Colección General 
905 |a 101 
901 |a 0500367134  |b IT1  |c ACC  |i C178264  |u 20250521 
902 |a https://opac.biblio.iteso.mx/vufind/Record/000444821